| Tag |
First Indicator |
Second Indicator |
Subfields |
| LEADER |
00000cam a2200000 a 4500 |
| 001 |
in00001405065 |
| 005 |
20151020064135.0 |
| 008 |
970730s1998 ilua b 001 0 eng |
| 010 |
|
|
|a 97030462
|
| 020 |
|
|
|a 0398068208 (cloth)
|
| 020 |
|
|
|a 0398068216 (paper)
|
| 035 |
|
|
|a (OCoLC)37426284
|
| 035 |
|
|
|9 AHP4587AM
|
| 040 |
|
|
|a DLC
|c DLC
|d TXA
|d UtOrBLW
|
| 043 |
|
|
|a n-us---
|a n-us-ok
|
| 049 |
|
|
|a TXAM
|
| 050 |
0 |
0 |
|a HV8138
|b .C52 1998
|
| 082 |
0 |
0 |
|a 364.15/23/0883632
|2 21
|
| 100 |
1 |
|
|a Chapman, Samuel G.
|
| 245 |
1 |
0 |
|a Murdered on duty :
|b the killing of police officers in America /
|c by Samuel G. Chapman ; with a foreword by Charles Remsberg.
|
| 250 |
|
|
|a 2nd ed.
|
| 264 |
|
1 |
|a Springfield, Ill. :
|b Charles C. Thomas,
|c [1998]
|
| 264 |
|
4 |
|c ©1998
|
| 300 |
|
|
|a xviii, 200 pages :
|b illustrations ;
|c 27 cm.
|
| 336 |
|
|
|a text
|b txt
|2 rdacontent
|
| 337 |
|
|
|a unmediated
|b n
|2 rdamedia
|
| 338 |
|
|
|a volume
|b nc
|2 rdacarrier
|
| 500 |
|
|
|a Revised edition of: Cops, killers, and staying alive.
|
| 504 |
|
|
|a Includes bibliographical references (pages 193-194) and index.
|
| 650 |
|
0 |
|a Police murders
|z United States.
|
| 650 |
|
0 |
|a Police murders
|z Oklahoma.
|
| 650 |
|
0 |
|a Police murders
|z United States
|x Prevention.
|
| 700 |
1 |
|
|a Chapman, Samuel G.
|t Cops, killers, and staying alive.
|
| 948 |
|
|
|a c:dm
|
| 999 |
|
|
|a MARS
|
| 999 |
f |
f |
|s d54a07cb-4135-39de-8deb-78e8e553692b
|i 136168aa-b6fe-39b8-9dde-0b85f7b95cdd
|t 0
|
| 952 |
f |
f |
|p ric
|a Texas A&M University
|b Rellis Campus
|c Joint Library Facility
|d Remote Storage
|t 0
|e HV8138 .C52 1998
|h Library of Congress classification
|i unmediated -- volume
|m A14823532308
|
| 998 |
f |
f |
|a HV8138 .C52 1998
|t 0
|l Remote Storage
|